000 00937nam a2200277 i 4500
003 DO-SdBNP
005 20240520102611.0
006 a||||br|||| 00| 0
007 ta
008 240520e2002 dr a ||| |||| 00| m spa d
020 _a9993450111
040 _aDO-SdBNP
_bspa
_cBNPHU
_erda
082 4 _222
_bG216c 2002
100 1 _aGarcía, C. Aller,
_eautor
_985503
245 1 0 _aCuentos y juegos de ortografía:
_b6º curso /
_cC. Aller Gracía, C. Aller Martínez; editora, Lourdes Camilo de Cuello.
250 _a2da. edición
264 1 _aSanto Domingo :
_bVicens Vives Primaria,
_bTaller,
_c2002
300 _a91 páginas :
_bilustraciones ;
_c27 cm.
336 _2rdacontent
_atexto
_btxt
337 _2rdamedia
_asin mediación
_bn
338 _2rdacarrier
_avolumen
_bnc
590 _aInventariado 2024 / MF
700 1 _aCamilo de Cuello, Lourdes,
_913081
_eeditora
700 1 _a Martínez, C. Aller,
_985504
942 _2ddc
_cLBS1
999 _c56698
_d56698